[Event "FIN-ch (Women)"]
[Site "Helsinki"]
[Date "2024.03.28"]
[Round "4"]
[White "Pelander, Pauliina"]
[Black "Sippola, Sara Olivia"]
[Result "0-1"]
[WhiteElo "1822"]
[BlackElo "1888"]
[PlyCount "74"]
[EventDate "2024.03.28"]
[EventType "tourn"]
[EventRounds "7"]
[EventCountry "FIN"]
[SourceTitle "CB15_2024"]
[SourceDate "2024.04.10"]
[SourceVersion "1"]
[SourceVersionDate "2024.04.10"]
[SourceQuality "1"]

1. e4 c5 2. b4 cxb4 3. d4 d5 4. e5 Nc6 5. a3 Qb6 6. Be3 g6 7. axb4 Qxb4+ 8. c3 Qb6 9. Qc1 Bf5 10. Na3 Rc8 11. Bb5 a6 12. Bxc6+ Qxc6 13. Ne2 Bd3 14. Nf4 Bc4 15. Nxc4 Qxc4 16. Ne2 e6 17. Qd2 Ne7 18. 0-0 Bg7 19. Rfb1 Rc7 20. Rb4 Qc6 21. Rab1 b5 22. Qa2 0-0 23. Bd2 Ra8 24. Nc1 Nc8 25. Nd3 Bf8 26. R4b3 Nb6 27. f3 Nc4 28. Bg5 Rb7 29. Nf2 h6 30. Bf6 a5 31. Ng4 Rab8 32. Qf2 a4 33. Rb4 h5 34. Qh4 Nd2 35. Qg5 Qxc3 36. Bd8 hxg4 37. R1b2 Rxd8 0-1

[Event "Wch U16 Girls"]
[Site "Montesilvano"]
[Date "2023.11.22"]
[Round "9"]
[White "Helgadottir, Idunn"]
[Black "Sippola, Sara Olivia"]
[Result "0-1"]
[WhiteElo "1678"]
[BlackElo "1907"]
[PlyCount "78"]
[EventDate "2023.11.13"]
[EventType "swiss"]
[EventRounds "11"]
[EventCountry "ITA"]
[SourceTitle "CB48_2023"]
[SourceDate "2023.11.29"]
[SourceVersion "1"]
[SourceVersionDate "2023.11.29"]
[SourceQuality "1"]

1. d4 d5 2. Nf3 e6 3. e3 Nf6 4. Bd3 Be7 5. 0-0 0-0 6. b3 c5 7. Bb2 Nc6 8. a3 b6 9. Nbd2 Bb7 10. Ne5 Qc7 11. f4 Bd6 12. Qf3 Ne7 13. Qh3 Ne4 14. Ndf3 Nf5 15. g4 Ne7 16. Nh4 cxd4 17. Bxd4 f6 18. Nef3 e5 19. Bb2 Qc5 20. Rae1 Qc7 21. g5 Bc8 22. Qg2 Nc6 23. gxf6 Nxf6 24. Bb5 e4 25. Ng5 a6 26. Nxh7 Kxh7 27. Qg6+ Kg8 28. Bxf6 Rxf6 29. Qe8+ Bf8 30. Be2 Qf7 31. Bh5 Qxe8 32. Bxe8 Bh3 33. Bxc6 Rxc6 34. Rf2 Rac8 35. Rc1 Rh6 36. Ng2 Rg6 37. b4 Bxg2 38. Rxg2 Rxg2+ 39. Kxg2 Rc3 0-1

[Event "Wch U16 Girls"]
[Site "Montesilvano"]
[Date "2023.11.21"]
[Round "8"]
[White "Sippola, Sara Olivia"]
[Black "Eman, Sawan"]
[Result "0-1"]
[WhiteElo "1907"]
[BlackElo "1662"]
[PlyCount "82"]
[EventDate "2023.11.13"]
[EventType "swiss"]
[EventRounds "11"]
[EventCountry "ITA"]
[SourceTitle "CB48_2023"]
[SourceDate "2023.11.29"]
[SourceVersion "1"]
[SourceVersionDate "2023.11.29"]
[SourceQuality "1"]

1. d4 Nf6 2. Nc3 g6 3. e4 d6 4. f4 Bg7 5. Nf3 0-0 6. Bd3 Nc6 7. 0-0 e5 8. fxe5 dxe5 9. d5 Ne7 10. Nxe5 Nxe4 11. Nxe4 Bxe5 12. Bg5 f5 13. Bc4 Kh8 14. Bh6 Ng8 15. Bxf8 Qxf8 16. Qe2 Qh6 17. Ng3 Bd6 18. Qf2 Qh4 19. Be2 Nf6 20. Bf3 g5 21. Rfd1 b6 22. Nf1 Bc5 23. Ne3 Qxf2+ 24. Kxf2 g4 25. Ke2 gxf3+ 26. Kxf3 Ng4 27. Nxg4 fxg4+ 28. Ke4 Bd7 29. Rf1 Re8+ 30. Kd3 Bb5+ 31. c4 Re3+ 32. Kd2 Bxc4 33. Rf8+ Kg7 34. Rf4 Re2+ 35. Kc3 Bxd5 36. Rxg4+ Kf6 37. Rf1+ Ke6 38. Rg7 b5 39. b4 Bd6 40. Rxh7 Be5+ 41. Kd3 Bc4# 0-1

[Event "Wch U16 Girls"]
[Site "Montesilvano"]
[Date "2023.11.16"]
[Round "4"]
[White "Sippola, Sara Olivia"]
[Black "Tomcaniova, Lucia"]
[Result "1-0"]
[WhiteElo "1907"]
[BlackElo "1715"]
[PlyCount "105"]
[EventDate "2023.11.13"]
[EventType "swiss"]
[EventRounds "11"]
[EventCountry "ITA"]
[SourceTitle "CB48_2023"]
[SourceDate "2023.11.29"]
[SourceVersion "1"]
[SourceVersionDate "2023.11.29"]
[SourceQuality "1"]

1. e4 c6 2. d4 d5 3. exd5 cxd5 4. Bd3 Nc6 5. c3 g6 6. Bf4 Bg7 7. Nf3 Nh6 8. h3 0-0 9. 0-0 f6 10. c4 Nf7 11. cxd5 Nb4 12. Nc3 Nxd5 13. Nxd5 Qxd5 14. Qe2 Bf5 15. Bc4 Qe4 16. Qxe4 Bxe4 17. Rfe1 Bxf3 18. gxf3 Rad8 19. Rad1 e5 20. dxe5 fxe5 21. Bg5 Rc8 22. Bb3 Rc7 23. Bd8 Rc6 24. Rd7 Bf6 25. Bxf6 Rxf6 26. Rxb7 Kh8 27. Bxf7 R6xf7 28. Rxf7 Rxf7 29. Rxe5 Kg7 30. Kg2 Rb7 31. b3 Kf6 32. Ra5 Ke6 33. f4 Rf7 34. Kf3 Kd6 35. Ke4 Re7+ 36. Kd4 Kc6 37. Rc5+ Kd6 38. Re5 Rf7 39. Ke4 Rb7 40. Rd5+ Ke6 41. Ra5 Rb4+ 42. Kf3 Rb7 43. h4 h5 44. Ra4 Kf5 45. Rc4 Re7 46. Rc5+ Kf6 47. b4 Rb7 48. a3 Re7 49. a4 Rb7 50. b5 Ke6 51. Ke4 Rd7 52. Rc6+ Kf7 53. a5 1-0

[Event "Wch U16 Girls"]
[Site "Montesilvano"]
[Date "2023.11.13"]
[Round "1"]
[White "Bruntse, Caroline Lindegaard"]
[Black "Sippola, Sara Olivia"]
[Result "1/2-1/2"]
[WhiteElo "1568"]
[BlackElo "1907"]
[PlyCount "210"]
[EventDate "2023.11.13"]
[EventType "swiss"]
[EventRounds "11"]
[EventCountry "ITA"]
[SourceTitle "CB48_2023"]
[SourceDate "2023.11.29"]
[SourceVersion "1"]
[SourceVersionDate "2023.11.29"]
[SourceQuality "1"]

1. d4 d5 2. c4 e6 3. Nc3 Nf6 4. cxd5 exd5 5. Bg5 c6 6. e3 h6 7. Bh4 Be7 8. Nf3 0-0 9. h3 Re8 10. Bd3 Nbd7 11. 0-0 Ne4 12. Bxe7 Qxe7 13. Qc2 g6 14. a3 a5 15. a4 Kg7 16. Nd2 Nxd2 17. Qxd2 Nb6 18. b3 Qg5 19. Kh1 h5 20. Rac1 Bf5 21. Bxf5 Qxf5 22. Qc2 Qf6 23. Ne2 Nc8 24. Nf4 Nd6 25. Nd3 Ne4 26. Nc5 Re7 27. Kg1 Nd6 28. Qc3 Qg5 29. Qd2 Nf5 30. Kh1 Nd6 31. Kg1 Kh7 32. Kh1 Nf5 33. Qc2 Rc8 34. Qc3 b6 35. Nd3 Nd6 36. Ne1 Ne4 37. Nf3 Qf5 38. Qc2 c5 39. Kg1 Rec7 40. Qb2 Qf6 41. Rc2 Qe6 42. Rfc1 Qe8 43. Nd2 Nxd2 44. Rxd2 c4 45. Rdc2 Qe6 46. Rc3 Kh6 47. Qa3 Kg7 48. Qb2 Kh7 49. Qa3 Rc6 50. Qb2 R8c7 51. Qb1 f5 52. Qb2 Kg8 53. Qb1 Kf7 54. Qb2 g5 55. Qc2 Kf6 56. g3 h4 57. Kg2 hxg3 58. fxg3 Kg7 59. Kh2 Rc8 60. Kg2 Re8 61. Re1 Rec8 62. Rc1 Re8 63. Re1 Kh6 64. Kh2 f4 65. Qf2 fxg3+ 66. Qxg3 Qf5 67. Rec1 Rec8 68. Qg2 Qe6 69. Rg1 Rg8 70. Qg4 Qf6 71. Qg3 Rf8 72. Rg2 Rfc8 73. Rf2 Qg6 74. Qe5 Qd6 75. Qxd6+ Rxd6 76. Kg3 Kg6 77. Rf3 Rdc6 78. Kg4 Rh8 79. Kg3 Rb8 80. Kg4 Rh8 81. Kg3 Re8 82. Kg4 Re4+ 83. Kg3 Re7 84. Kg4 Rh7 85. Kg3 Rhc7 86. Kg4 Re6 87. Kg3 Rec6 88. Kg4 Re7 89. Kg3 Re4 90. Rf2 Re8 91. Kg4 Re4+ 92. Kg3 Re8 93. Kg4 Re4+ 94. Kg3 Re8 95. Kg4 Rce6 96. Rf3 Re4+ 97. Kg3 Rc8 98. Rf2 Rce8 99. Rf3 Rc8 100. Rf2 Re7 101. Kg4 Re4+ 102. Kg3 Re7 103. Kg4 Re4+ 104. Kg3 Re7 105. Kg4 Re4+ 1/2-1/2

[Event "FIN-ch (Women)"]
[Site "Helsinki"]
[Date "2022.04.18"]
[Round "4"]
[White "Sippola, Sara Olivia"]
[Black "Rinne, Heini"]
[Result "1-0"]
[WhiteElo "1531"]
[BlackElo "1853"]
[PlyCount "123"]
[EventDate "2022.04.15"]
[EventType "tourn"]
[EventRounds "9"]
[EventCountry "FIN"]
[SourceTitle "CBM 208 Extra"]
[Source "ChessBase"]
[SourceDate "2022.07.31"]
[SourceVersion "1"]
[SourceVersionDate "2022.07.31"]
[SourceQuality "1"]

1. e4 Nc6 2. Nf3 d6 3. d4 Nf6 4. Nc3 g6 5. Bg5 Bg7 6. Qd2 h6 7. Bf4 Bg4 8. d5 Nb8 9. Nd4 c5 10. dxc6 Nxc6 11. Nxc6 bxc6 12. f3 Be6 13. e5 Nh5 14. exd6 Nxf4 15. d7+ Qxd7 16. Qxf4 Qd6 17. Qxd6 exd6 18. 0-0-0 Bxc3 19. bxc3 Ke7 20. Ba6 Rab8 21. Rhe1 Kd7 22. a4 Kc7 23. a5 Rhd8 24. g4 d5 25. Re3 c5 26. Be2 g5 27. h4 Kd6 28. Bd3 Kc6 29. Re5 c4 30. Bf5 gxh4 31. Rh1 Kd6 32. f4 Rb5 33. Rxh4 Bxf5 34. Rxf5 Ke7 35. Re5+ Kd7 36. a6 Rg8 37. Rxh6 Rxg4 38. Rf6 Rg7 39. Kd2 Kc7 40. Re7+ Kb8 41. Rd6 Rg8 42. Rxf7 Rb6 43. Rxb6+ axb6 44. Rb7+ Ka8 45. Rxb6 Rg2+ 46. Kc1 Rg3 47. f5 Ka7 48. Rd6 Rxc3 49. Kd2 Rf3 50. Rxd5 Kxa6 51. Ke2 Rf4 52. Ke3 Rf1 53. Ke4 Kb6 54. Rd6+ Kc5 55. Rd2 Kb4 56. Ke5 Kc3 57. Re2 Rc1 58. f6 Rxc2 59. Rxc2+ Kxc2 60. f7 Kb2 61. f8Q c3 62. Qb4+ 1-0

[Event "EU-ch Schools U15 Girls"]
[Site "Tornelo INT"]
[Date "2021.12.05"]
[Round "6"]
[White "Sippola, Sara Olivia"]
[Black "Chervyakova, Tatiana"]
[Result "0-1"]
[WhiteElo "1531"]
[BlackElo "1707"]
[PlyCount "118"]
[EventDate "2021.12.03"]
[EventType "swiss (rapid)"]
[EventRounds "7"]
[EventCountry "NET"]
[SourceTitle "EXT 2023"]
[Source "ChessBase"]
[SourceDate "2022.10.05"]
[SourceVersion "1"]
[SourceVersionDate "2022.10.05"]
[SourceQuality "1"]

1. d4 d5 2. c4 dxc4 3. e3 Nf6 4. Bxc4 e6 5. Nc3 a6 6. a4 Nbd7 7. Nf3 Be7 8. 0-0 0-0 9. e4 Nb6 10. Bd3 c5 11. e5 Nfd5 12. a5 Nd7 13. Nxd5 exd5 14. Bf4 cxd4 15. Nxd4 Nc5 16. Bc2 Ne6 17. Qd3 g6 18. Bh6 Re8 19. Nxe6 Bxe6 20. Ba4 Bd7 21. Qxd5 Bxa4 22. Qxd8 Bxd8 23. Rxa4 Rxe5 24. b4 Rc8 25. Raa1 Be7 26. Rac1 Re8 27. Rfe1 Rxe1+ 28. Rxe1 f6 29. Re6 Kf7 30. Rb6 g5 31. h4 Kg6 32. Bxg5 Bd8 33. Rd6 Re1+ 34. Kh2 Bc7 35. Bf4 Bxd6 36. Bxd6 Kf5 37. Kg3 Re4 38. f3 Rd4 39. Bc5 Rd3 40. Kf2 h5 41. g3 Rc3 42. Ke2 Ke5 43. g4 hxg4 44. fxg4 Kf4 45. g5 fxg5 46. hxg5 Kxg5 47. Kd2 Rg3 48. Be3+ Kf5 49. Kd3 Ke5 50. Ke2 Kd5 51. Kf2 Rg4 52. Bd2 Kc4 53. Kf3 Rd4 54. Be1 Rd3+ 55. Ke4 Rd1 56. Bf2 Kxb4 57. Bb6 Rd6 58. Ke5 Rxb6 59. axb6 Kc5 0-1

[Event "EU-ch Schools U15 Girls"]
[Site "Tornelo INT"]
[Date "2021.12.03"]
[Round "1"]
[White "Sippola, Sara Olivia"]
[Black "Mihelic, Vesna"]
[Result "0-1"]
[WhiteElo "1531"]
[BlackElo "1875"]
[PlyCount "86"]
[EventDate "2021.12.03"]
[EventType "swiss (rapid)"]
[EventRounds "7"]
[EventCountry "NET"]
[SourceTitle "EXT 2023"]
[Source "ChessBase"]
[SourceDate "2022.10.05"]
[SourceVersion "1"]
[SourceVersionDate "2022.10.05"]
[SourceQuality "1"]

1. d4 d5 2. c4 e6 3. Nf3 Nf6 4. g3 dxc4 5. Bg2 Be7 6. 0-0 0-0 7. Qc2 a6 8. a4 Nbd7 9. Nbd2 Nb6 10. Nxc4 Nxc4 11. Qxc4 b5 12. Qc2 Bb7 13. Bf4 Nd5 14. e4 Nxf4 15. gxf4 f5 16. e5 Be4 17. Qd2 Qd5 18. Qe3 c5 19. Rfd1 c4 20. Ne1 Bxg2 21. Nxg2 Rfd8 22. Qe2 Bb4 23. Ne3 Qe4 24. axb5 axb5 25. Rxa8 Rxa8 26. d5 exd5 27. Rxd5 Ra6 28. Rd8+ Kf7 29. Qd1 Rg6+ 30. Kf1 Qh1+ 31. Ke2 Qxd1+ 32. Kxd1 Rg1+ 33. Ke2 Re1+ 34. Kf3 Rb1 35. Nxf5 Rxb2 36. Rd7+ Ke6 37. Rxg7 Kxf5 38. Rxh7 Bc5 39. Rh5+ Ke6 40. Rh6+ Ke7 41. f5 Rxf2+ 42. Ke4 c3 43. f6+ Ke6 0-1